¿Unión centroamericana o integración regional? una visión histórica
Spremljeno u:
| Glavni autor: | |
|---|---|
| Autor kompanije: | |
| Daljnji autori: | |
| Format: | Tekst |
| Jezik: | Spanish |
| Izdano: |
San José
Universidad de Costa Rica
1980
|
| Oznake: |
Dodaj oznaku
Bez oznaka, Budi prvi tko označuje ovaj zapis!
|
MARC
| LEADER | 00000 a a2200000 04500 | ||
|---|---|---|---|
| 001 | 21577 | ||
| 003 | cru CIDCACS/IIS | ||
| 005 | 20210528113416.0 | ||
| 008 | 210528b |||||||| |||| 00| 0 spa d | ||
| 040 | |a CRAI/IIS |c CRAI/IIS |b SPA | ||
| 090 | |a 09574.00 | ||
| 100 | |a Sol Arriaza, Ricardo | ||
| 110 | |a Universidad de Costa Rica. Facultad de Ciencias Sociales. Escuela de Historia. Historia de las Instituciones de Costa Rica | ||
| 245 | |a ¿Unión centroamericana o integración regional? una visión histórica |c Ricardo Sol Arriaza | ||
| 260 | |a San José |b Universidad de Costa Rica |c 1980 | ||
| 300 | |a 47 p. | ||
| 500 | |a Colección Centroamérica | ||
| 650 | 0 | 7 | |0 TESAUROS |
| 700 | |a Castellanos, Ivette | ||
| 942 | |2 ddc |c LI | ||
| 999 | |c 4441 |d 4441 | ||
